| 000 | 00613nam a22001817a 4500 | ||
|---|---|---|---|
| 999 |
_c532529 _d532529 |
||
| 003 | NUST | ||
| 005 | 20191125103120.0 | ||
| 008 | 191125b ||||| |||| 00| 0 eng d | ||
| 020 | _a0071494537 | ||
| 024 | _a978-0071494533 | ||
| 038 | _aMSOHAIL | ||
| 082 | _a0 | ||
| 100 |
_aWillem Kymmell _926105 |
||
| 245 |
_aBuilding Information Modeling: _bPlanning and Managing Construction Projects with 4D CAD and Simulations (McGraw-Hill Construction Series): Planning and ... Projects with 4D CAD and Simulations (Set 2) |
||
| 260 |
_aNew York _bMcGraw-Hill Education _cc2008 |
||
| 300 | _ap;270 | ||
| 942 |
_2ddc _cBK |
||